| 000 | 00482nam a2200169 a 4500 | ||
|---|---|---|---|
| 001 | 12367 | ||
| 005 | 20180713200628.0 | ||
| 008 | 140415s1946 sp 000 0 spa d | ||
| 041 | _aspa | ||
| 082 |
_a266 _bASP |
||
| 100 | 1 | _aASPURZ, LAZARO DE | |
| 245 | 1 | 3 | _aLA APORTACION EXTRANJERA A LAS MISIONES ESPAÑOLAS DEL ... |
| 250 | _a1a ed. | ||
| 260 |
_aESPAÑA : _bESPASA CALPE, _c1946 |
||
| 300 | _a334 | ||
| 650 | 1 | 4 |
_aCOOPERATIVAS _xMISIONEROS _xMISIONEROS ESPAOLES |
| 999 |
_c12367 _d12367 |
||